[Event "SLO-chT3 West"]
[Site "Komenda"]
[Date "2017.12.09"]
[Round "2.1"]
[White "Juranic, Bruno"]
[Black "Novakovic, Julian"]
[Result "1-0"]
[WhiteElo "2132"]
[BlackElo "1838"]
[PlyCount "83"]
[EventDate "2017.12.08"]
[EventType "team-swiss"]
[EventRounds "5"]
[EventCountry "SLO"]
[SourceTitle "EXT 2019"]
[Source "ChessBase"]
[SourceDate "2018.10.10"]
[SourceVersion "1"]
[SourceVersionDate "2018.10.10"]
[SourceQuality "1"]
[WhiteTeam "Kolpi Stari Trg"]
[BlackTeam "Komenda Pogi"]
[WhiteTeamCountry "SLO"]
[BlackTeamCountry "SLO"]

1. e4 d6 2. d4 Nf6 3. Nc3 g6 4. g3 Bg7 5. Bg2 Nbd7 6. Nge2 e5 7. 0-0 0-0 8. h3 c6 9. a4 Qe7 10. Be3 Rd8 11. g4 Nb6 12. b3 Be6 13. a5 exd4 14. Bxd4 Nbd7 15. f4 c5 16. Bf2 Nxg4 17. hxg4 Bxg4 18. Nd5 Qf8 19. Ra4 Nf6 20. Nxf6+ Bxf6 21. Qd3 Qh6 22. Nc3 Bxc3 23. Qxc3 Bd7 24. Raa1 Bb5 25. Rfd1 Qxf4 26. Bg3 Qg5 27. Rxd6 Bc6 28. Rad1 Rxd6 29. Rxd6 Qc1+ 30. Kf2 f5 31. Be5 Re8 32. Qc4+ Kf8 33. Rf6+ Kg7 34. Rf7+ Kh6 35. Rxh7+ Kg5 36. Bg7 Qf4+ 37. Bf3 Qd2+ 38. Kf1 Qc1+ 39. Ke2 Qg1 40. Bh6+ Kf6 41. Bf4 Re6 42. Qc3+ 1-0

[Event "CRO-chT2 West"]
[Site "Croatia"]
[Date "2017.03.26"]
[Round "2.4"]
[White "Grguric, Dragan"]
[Black "Juranic, Bruno"]
[Result "0-1"]
[WhiteElo "2006"]
[BlackElo "2174"]
[PlyCount "96"]
[EventDate "2017.03.25"]
[EventType "team-tourn"]
[EventRounds "9"]
[EventCountry "CRO"]
[SourceTitle "EXT 2020"]
[Source "ChessBase"]
[SourceDate "2019.10.17"]
[SourceVersion "1"]
[SourceVersionDate "2019.10.17"]
[SourceQuality "1"]

1. e4 c5 2. Nf3 a6 3. c3 e6 4. d4 d5 5. e5 Bd7 6. Bd3 cxd4 7. cxd4 Bb5 8. 0-0 Nc6 9. Nc3 Bxd3 10. Qxd3 Nge7 11. Bg5 b5 12. Rfc1 Qb6 13. a4 b4 14. a5 Nxa5 15. Na4 Qb5 16. Qxb5+ axb5 17. Nb6 Ra6 18. Nc8 Nec6 19. Nd6+ Bxd6 20. exd6 f6 21. Bf4 Kd7 22. Rc5 Rb8 23. h3 Rbb6 24. Kh2 Nb7 25. Rxb5 Rxa1 26. Rxb6 Nxd6 27. Bxd6 Kxd6 28. Rb7 Ra7 29. Rxa7 Nxa7 30. Kg3 Nc6 31. Kf4 Nxd4 32. Nxd4 e5+ 33. Ke3 exd4+ 34. Kxd4 g5 35. g4 h6 36. b3 Kc6 37. Ke3 Kc5 38. Kd3 Kd6 39. Kd4 Ke6 40. Kd3 Ke5 41. Ke3 f5 42. f3 d4+ 43. Kd3 fxg4 44. hxg4 Kf4 45. Kxd4 Kxf3 46. Kc4 Kxg4 47. Kxb4 h5 48. Kc5 h4 0-1

[Event "SLO-chT3 West"]
[Site "Otocec"]
[Date "2016.11.26"]
[Round "2"]
[White "Juranic, Bruno"]
[Black "Zajc, Jan"]
[Result "1-0"]
[WhiteElo "2163"]
[BlackElo "1680"]
[PlyCount "54"]
[EventDate "2016.11.25"]
[EventType "team-tourn"]
[EventRounds "5"]
[EventCountry "SLO"]
[SourceTitle "EXT 2022"]
[Source "ChessBase"]
[SourceDate "2021.10.06"]
[SourceVersion "1"]
[SourceVersionDate "2021.10.06"]
[SourceQuality "1"]

1. e4 c5 2. Nf3 d6 3. d4 cxd4 4. Qxd4 Nc6 5. Bb5 Bd7 6. Bxc6 Bxc6 7. c4 Nf6 8. Nc3 g6 9. 0-0 Bg7 10. Re1 0-0 11. Qd2 Ng4 12. b3 Qb6 13. Bb2 a5 14. Nd5 Bxd5 15. exd5 Bxb2 16. Qxb2 Rfe8 17. Re2 a4 18. Rae1 Qc7 19. Qd4 Nh6 20. Qf4 Nf5 21. Ng5 axb3 22. axb3 e5 23. dxe6 fxe6 24. Nxe6 Qd7 25. g4 Rxe6 26. Rxe6 Nh4 27. Qf6 Qd8 1-0

[Event "CRO Cup"]
[Site "Mali Losinj"]
[Date "2016.05.08"]
[Round "6.83"]
[White "Matanovic, Luka"]
[Black "Juranic, Bruno"]
[Result "1/2-1/2"]
[WhiteElo "2156"]
[BlackElo "2138"]
[PlyCount "32"]
[EventDate "2016.05.04"]
[EventType "team-swiss"]
[EventRounds "6"]
[EventCountry "CRO"]
[SourceTitle "CBM 172 Extra"]
[Source "ChessBase"]
[SourceDate "2016.06.21"]
[SourceVersion "1"]
[SourceVersionDate "2016.06.21"]
[SourceQuality "1"]
[WhiteTeam "Slavonski Brod Djakovic"]
[BlackTeam "Ravna Gora Goranka"]
[WhiteTeamCountry "CRO"]
[BlackTeamCountry "CRO"]

1. e4 c5 2. Nf3 Nc6 3. Bb5 g6 4. Bxc6 dxc6 5. d3 Bg7 6. h3 Nf6 7. 0-0 Nd7 8. Nc3 e5 9. Be3 Qe7 10. Nd2 0-0 11. Nc4 b6 12. Kh1 Ba6 13. a4 Bxc4 14. dxc4 Rfd8 15. Qb1 a5 16. Ne2 Qe6 1/2-1/2

[Event "CRO-chT2W"]
[Site "Croatia"]
[Date "2016.03.05"]
[Round "1.2"]
[White "Juranic, Bruno"]
[Black "Karabaic, Ivan"]
[Result "0-1"]
[WhiteElo "2131"]
[BlackElo "2175"]
[PlyCount "48"]
[EventDate "2016.03.05"]
[EventType "team-tourn"]
[EventRounds "9"]
[EventCountry "CRO"]
[SourceTitle "CBM 171 Extra"]
[Source "ChessBase"]
[SourceDate "2016.04.26"]
[SourceVersion "1"]
[SourceVersionDate "2016.04.26"]
[SourceQuality "1"]
[WhiteTeam "Ravna Gora Goranka"]
[BlackTeam "Krk"]
[WhiteTeamCountry "CRO"]
[BlackTeamCountry "CRO"]

1. e4 d5 2. exd5 Qxd5 3. Nc3 Qd6 4. d4 Nf6 5. Bd3 g6 6. Nge2 Bg7 7. Bf4 Qd8 8. Qd2 0-0 9. h4 Nc6 10. Nb5 e5 11. Bg5 exd4 12. h5 a6 13. Bxf6 Bxf6 14. hxg6 hxg6 15. Qh6 Re8 16. Bxg6 fxg6 17. Qxg6+ Bg7 18. Nxc7 Bf5 19. Qxf5 Qxc7 20. Qh7+ Kf8 21. Rh5 Nd8 22. Qf5+ Nf7 23. Qf3 Qxc2 24. Rc1 Qxc1# 0-1

[Event "SLO-chT1 West"]
[Site "Ljubljana"]
[Date "2015.11.29"]
[Round "9"]
[White "Jansa, Andrej"]
[Black "Juranic, Bruno"]
[Result "1-0"]
[WhiteElo "1989"]
[BlackElo "2153"]
[PlyCount "89"]
[EventDate "2015.10.16"]
[EventType "team-tourn"]
[EventRounds "9"]
[EventCountry "SLO"]
[SourceTitle "EXT 2019"]
[Source "ChessBase"]
[SourceDate "2018.10.10"]
[SourceVersion "1"]
[SourceVersionDate "2018.10.10"]
[SourceQuality "1"]
[WhiteTeam "Kocevje"]
[BlackTeam "Stari Trg op Kolpi"]
[WhiteTeamCountry "SLO"]
[BlackTeamCountry "SLO"]

1. e4 c5 2. Nf3 a6 3. c3 e6 4. g3 d5 5. exd5 Qxd5 6. Bg2 Qe4+ 7. Qe2 Qxe2+ 8. Kxe2 Nc6 9. Na3 Bd6 10. Re1 Nge7 11. d3 b5 12. Nc2 Rb8 13. Kf1 0-0 14. Ng5 Nd5 15. Ne4 Be7 16. a4 Bd7 17. Ne3 h6 18. axb5 axb5 19. f4 Nf6 20. Bd2 Rfd8 21. Ra6 Rbc8 22. Rea1 Be8 23. Ke2 Nd5 24. f5 exf5 25. Nxd5 fxe4 26. Rxc6 exd3+ 27. Kf1 Bxc6 28. Nxe7+ Kf8 29. Nxc6 Ra8 30. Nxd8 Rxa1+ 31. Kf2 Rb1 32. b4 c4 33. Nc6 Rd1 34. Ke3 Rg1 35. Bd5 f5 36. Nd4 Rf1 37. Nxb5 g5 38. Bxc4 f4+ 39. gxf4 gxf4+ 40. Kxd3 Rf2 41. Nd4 Rxh2 42. Nf3 Rf2 43. Bd5 h5 44. b5 Ke7 45. Bxf4 1-0

[Event "SLO-chT1 West"]
[Site "Ljubljana"]
[Date "2015.11.06"]
[Round "4"]
[White "Bratovic, Blaz"]
[Black "Juranic, Bruno"]
[Result "1-0"]
[WhiteElo "2325"]
[BlackElo "2153"]
[PlyCount "49"]
[EventDate "2015.10.16"]
[EventType "team-tourn"]
[EventRounds "9"]
[EventCountry "SLO"]
[SourceTitle "EXT 2019"]
[Source "ChessBase"]
[SourceDate "2018.10.10"]
[SourceVersion "1"]
[SourceVersionDate "2018.10.10"]
[SourceQuality "1"]
[WhiteTeam "Gorenjka Lesce"]
[BlackTeam "Stari Trg op Kolpi"]
[WhiteTeamCountry "SLO"]
[BlackTeamCountry "SLO"]

1. e4 d6 2. d4 g6 3. Nc3 Bg7 4. g3 Nd7 5. Bg2 a6 6. Nge2 c5 7. Be3 Qc7 8. 0-0 e6 9. dxc5 dxc5 10. f4 b5 11. f5 Ne5 12. h3 h5 13. Qe1 Bd7 14. Qf2 b4 15. fxe6 fxe6 16. Bxc5 0-0-0 17. Bb6 Qb8 18. Qc5+ Bc6 19. Nd5 exd5 20. exd5 Nf6 21. Bxd8 Nfd7 22. Qe7 Bf6 23. Rxf6 Nxf6 24. dxc6 Rxd8 25. Qe6+ 1-0

[Event "CRO-chT2 West"]
[Site "Croatia"]
[Date "2015.02.22"]
[Round "3.2"]
[White "Juranic, Bruno"]
[Black "Grbac, Boris"]
[Result "1-0"]
[WhiteElo "2138"]
[BlackElo "2125"]
[PlyCount "66"]
[EventDate "2015.02.21"]
[EventType "team-tourn"]
[EventRounds "9"]
[EventCountry "CRO"]
[SourceTitle "EXT 2016"]
[Source "ChessBase"]
[SourceDate "2015.10.08"]
[SourceVersion "1"]
[SourceVersionDate "2015.10.08"]
[SourceQuality "1"]
[WhiteTeam "Ravna Gora Goranka"]
[BlackTeam "Porec Gortan"]
[WhiteTeamCountry "CRO"]
[BlackTeamCountry "CRO"]

1. e4 c5 2. Nc3 Nc6 3. f4 g6 4. Nf3 Bg7 5. Bc4 e6 6. f5 Nge7 7. fxe6 fxe6 8. 0-0 0-0 9. d3 d5 10. Bb3 b5 11. a3 c4 12. Ba2 a5 13. Ne2 Ba6 14. Nf4 dxe4 15. Ng5 Qb6+ 16. Kh1 Nd4 17. c3 e5 18. a4 exd3 19. axb5 Bxb5 20. cxd4 exf4 21. Qxd3 Qc6 22. Qh3 h6 23. Ne6 g5 24. Nxf8 Rxf8 25. Bd2 Nf5 26. Rae1 Qd7 27. b3 Qxd4 28. Bxa5 Qb2 29. Bb1 Qxb3 30. Bxf5 Qa2 31. Be6+ Kh8 32. Bc3 Kh7 33. Bxg7 Kxg7 1-0

[Event "SLO-chT2 West"]
[Site "Ljubljana"]
[Date "2014.11.08"]
[Round "8.2"]
[White "Juranic, Bruno"]
[Black "Trivuncevic, Bosko"]
[Result "1-0"]
[WhiteElo "2170"]
[BlackElo "1976"]
[PlyCount "74"]
[EventDate "2014.10.17"]
[EventType "team-tourn"]
[EventRounds "9"]
[EventCountry "SLO"]
[SourceTitle "EXT 2019"]
[Source "ChessBase"]
[SourceDate "2018.10.10"]
[SourceVersion "1"]
[SourceVersionDate "2018.10.10"]
[SourceQuality "1"]
[WhiteTeam "Stari Trg ob Kolpi"]
[BlackTeam "Loska Dolina"]
[WhiteTeamCountry "SLO"]
[BlackTeamCountry "SLO"]

1. e4 d6 2. d4 Nc6 3. Nc3 Nf6 4. Nf3 Bg4 5. Be3 e5 6. Be2 Be7 7. Qd2 a6 8. 0-0 0-0 9. Rad1 Qc8 10. Ne1 Bd7 11. f4 Ng4 12. Nf3 Nxe3 13. Qxe3 exd4 14. Nxd4 Nxd4 15. Qxd4 Bg4 16. Bxg4 Qxg4 17. Nd5 Bd8 18. Rd3 Qe6 19. Rg3 g6 20. f5 Qe5 21. Qe3 c6 22. Nf4 Qxb2 23. Qb3 Qxb3 24. Rxb3 b5 25. Rc3 Rc8 26. Kf2 Bf6 27. Ra3 Ra8 28. Rd1 Be5 29. Kf3 g5 30. Nd3 Bd4 31. c3 Bb6 32. Nb4 Bc5 33. Rxa6 Rxa6 34. Nxa6 Ra8 35. Nxc5 dxc5 36. Kg4 Rxa2 37. Kg3 Kf8 1-0

[Event "Mediterranean op 6th"]
[Site "Rijeka"]
[Date "2013.12.06"]
[Round "8"]
[White "Sajn, Simon"]
[Black "Juranic, Bruno"]
[Result "1-0"]
[WhiteElo "2035"]
[BlackElo "2178"]
[PlyCount "105"]
[EventDate "2013.11.30"]
[EventType "swiss"]
[EventRounds "9"]
[EventCountry "CRO"]
[SourceTitle "CBM 157 Extra"]
[Source "ChessBase"]
[SourceDate "2013.12.19"]
[SourceVersion "1"]
[SourceVersionDate "2013.12.19"]
[SourceQuality "1"]

1. d4 Nf6 2. Nf3 e6 3. Bg5 d5 4. e3 Nbd7 5. Bd3 Bd6 6. 0-0 c6 7. c3 Qc7 8. Nbd2 b6 9. Rc1 h6 10. Bxf6 Nxf6 11. Qe2 0-0 12. e4 dxe4 13. Nxe4 Be7 14. Ne5 Bb7 15. Nxf6+ Bxf6 16. Ng4 c5 17. Nxf6+ gxf6 18. Qg4+ Kh8 19. Qh4 Kg7 20. Rfe1 f5 21. Re3 Qd8 22. Qh5 Qf6 23. dxc5 bxc5 24. Rce1 Rg8 25. Rh3 Kh7 26. Bf1 Rg5 27. Qh4 Rag8 28. Rg3 f4 29. Rxg5 Rxg5 30. Bd3+ Kg7 31. g3 e5 32. Be4 Bxe4 33. Rxe4 Qg6 34. Re1 f6 35. Qh3 Qd3 36. Qe6 Qd8 37. Qc6 Qd2 38. Qb7+ Kh8 39. Rf1 Qe2 40. Qf7 Rg7 41. Qxf6 Qh5 42. Qf8+ Kh7 43. Qxc5 f3 44. Qd5 Rf7 45. Re1 Rf5 46. Qd7+ Rf7 47. Qe6 Rf5 48. Qe7+ Kg8 49. Rd1 Rf8 50. Qe6+ Kh8 51. h4 Rg8 52. Qf6+ Rg7 53. Rd7 1-0

[Event "Mediterranean op 6th"]
[Site "Rijeka"]
[Date "2013.12.02"]
[Round "4"]
[White "Jelecevic, Ivo"]
[Black "Juranic, Bruno"]
[Result "0-1"]
[WhiteElo "2196"]
[BlackElo "2178"]
[PlyCount "68"]
[EventDate "2013.11.30"]
[EventType "swiss"]
[EventRounds "9"]
[EventCountry "CRO"]
[SourceTitle "CBM 157 Extra"]
[Source "ChessBase"]
[SourceDate "2013.12.19"]
[SourceVersion "1"]
[SourceVersionDate "2013.12.19"]
[SourceQuality "1"]

1. e4 c5 2. Nf3 e6 3. d4 cxd4 4. Nxd4 a6 5. Bd3 Qc7 6. 0-0 Nf6 7. Kh1 Nc6 8. Nxc6 bxc6 9. f4 d6 10. b3 Nd7 11. Be3 Be7 12. Nd2 0-0 13. Qe2 Bb7 14. Rf3 f5 15. Rh3 c5 16. exf5 exf5 17. Qh5 Nf6 18. Qxf5 Bc8 19. Bc4+ Kh8 20. Be6 g6 21. Qxg6 Bxe6 22. f5 Rg8 23. Qh6 Bxf5 24. Rf3 Rg6 25. Qf4 Bg4 26. Rf2 Rag8 27. Qc4 Qb7 28. Nf1 d5 29. Qf4 Ne4 30. Qe5+ Bf6 31. Rxf6 Nxf6 32. Bxc5 Re8 33. Qg3 Kg8 34. Ne3 Ne4 0-1

[Event "Mediterranean op 6th"]
[Site "Rijeka"]
[Date "2013.12.01"]
[Round "3"]
[White "Juranic, Bruno"]
[Black "Jerkovic, Maroje"]
[Result "0-1"]
[WhiteElo "2178"]
[BlackElo "1928"]
[PlyCount "68"]
[EventDate "2013.11.30"]
[EventType "swiss"]
[EventRounds "9"]
[EventCountry "CRO"]
[SourceTitle "CBM 157 Extra"]
[Source "ChessBase"]
[SourceDate "2013.12.19"]
[SourceVersion "1"]
[SourceVersionDate "2013.12.19"]
[SourceQuality "1"]

1. e4 d6 2. d4 Nf6 3. Nc3 g6 4. g3 Bg7 5. Bg2 Nbd7 6. Nge2 e5 7. 0-0 0-0 8. h3 Re8 9. Be3 exd4 10. Bxd4 Nb6 11. f4 c6 12. a4 a5 13. g4 d5 14. Bf2 Ra6 15. e5 Nfd7 16. Nd4 Nf8 17. Qf3 Nc4 18. Rad1 Nxb2 19. Rde1 Nc4 20. Re2 Ne6 21. Rfe1 g5 22. fxg5 Qxg5 23. Nf5 Nf4 24. Bh4 Nxe2+ 25. Nxe2 Qd2 26. Nxg7 Kxg7 27. Qf6+ Kg8 28. Rf1 Nxe5 29. Nf4 Qxc2 30. Qg5+ Ng6 31. Nh5 c5 32. Qh6 Qxg2+ 33. Kxg2 Nxh4+ 34. Kg3 Rxh6 0-1

[Event "Mediterranean op 6th"]
[Site "Rijeka"]
[Date "2013.12.01"]
[Round "2"]
[White "Nastic, Milorad"]
[Black "Juranic, Bruno"]
[Result "0-1"]
[WhiteElo "1952"]
[BlackElo "2178"]
[PlyCount "74"]
[EventDate "2013.11.30"]
[EventType "swiss"]
[EventRounds "9"]
[EventCountry "CRO"]
[SourceTitle "CBM 157 Extra"]
[Source "ChessBase"]
[SourceDate "2013.12.19"]
[SourceVersion "1"]
[SourceVersionDate "2013.12.19"]
[SourceQuality "1"]

1. e4 c5 2. Nf3 e6 3. d4 cxd4 4. Nxd4 a6 5. b3 Nf6 6. f3 Qc7 7. Bb2 b6 8. c4 Bb7 9. Nc3 Nc6 10. g3 Be7 11. Bg2 0-0 12. Nce2 Nxd4 13. Bxd4 Bb4+ 14. Kf2 e5 15. Be3 Bc5 16. Qd2 Bxe4 17. b4 Bxe3+ 18. Qxe3 Qxc4 19. Qxb6 Qc6 20. Qxc6 Bxc6 21. Nc3 d5 22. Rac1 d4 23. Ne4 Nxe4+ 24. fxe4 Rac8 25. Rc5 f5 26. Rhc1 fxe4+ 27. Ke1 Bd7 28. Bxe4 Bh3 29. Bd3 Rce8 30. Bxa6 e4 31. Bb5 Rd8 32. Re5 d3 33. Bc4+ Kh8 34. Bd5 e3 35. Rxe3 Rxd5 36. Kd2 Rf2+ 37. Kc3 h5 0-1

[Event "SLO-chT2 West"]
[Site "Ljubljana"]
[Date "2013.11.17"]
[Round "9.2"]
[White "Buha, Drago"]
[Black "Juranic, Bruno"]
[Result "0-1"]
[WhiteElo "2026"]
[BlackElo "2178"]
[PlyCount "75"]
[EventDate "2013.11.08"]
[EventType "team"]
[EventRounds "9"]
[EventCountry "SLO"]
[SourceTitle "EXT 2015"]
[Source "ChessBase"]
[SourceDate "2014.11.20"]
[SourceVersion "1"]
[SourceVersionDate "2014.11.20"]
[SourceQuality "1"]
[WhiteTeam "Radovljica"]
[BlackTeam "Stari Trg ob Kolpi"]
[WhiteTeamCountry "SLO"]
[BlackTeamCountry "SLO"]

1. e4 c5 2. Nf3 a6 3. Nc3 e6 4. d4 cxd4 5. Nxd4 Qc7 6. Bd3 Nc6 7. Nxc6 bxc6 8. 0-0 Nf6 9. Bg5 Be7 10. b3 d5 11. exd5 cxd5 12. Ne2 0-0 13. h3 Bb7 14. c4 dxc4 15. Rc1 Qc6 16. Nf4 c3 17. Bxf6 Bxf6 18. Qg4 Rad8 19. Nh5 Rxd3 20. Nxf6+ Kh8 21. Nh5 g6 22. Qg5 Qxg2+ 23. Qxg2 Bxg2 24. Kxg2 gxh5 25. Rc2 Rg8+ 26. Kh2 Rc8 27. Rfc1 Kg7 28. a4 Kf6 29. b4 Ke5 30. b5 axb5 31. axb5 Kd4 32. b6 Rb8 33. Kg2 Rxb6 34. Kf1 Rb2 35. Ke1 Rxh3 36. Ke2 Rxc2+ 37. Rxc2 Rd3 38. Ke1 0-1

[Event "SLO-chT2 West"]
[Site "Ljubljana"]
[Date "2013.11.16"]
[Round "7.2"]
[White "Ursic, Mateja"]
[Black "Juranic, Bruno"]
[Result "0-1"]
[WhiteElo "2094"]
[BlackElo "2178"]
[PlyCount "32"]
[EventDate "2013.11.08"]
[EventType "team"]
[EventRounds "9"]
[EventCountry "SLO"]
[SourceTitle "EXT 2015"]
[Source "ChessBase"]
[SourceDate "2014.11.20"]
[SourceVersion "1"]
[SourceVersionDate "2014.11.20"]
[SourceQuality "1"]
[WhiteTeam "Hidria Tolmin"]
[BlackTeam "Stari Trg ob Kolpi"]
[WhiteTeamCountry "SLO"]
[BlackTeamCountry "SLO"]

1. e4 c5 2. c3 d5 3. exd5 Qxd5 4. d4 Nc6 5. Nf3 e5 6. dxe5 Qxd1+ 7. Kxd1 Bg4 8. Bf4 0-0-0+ 9. Nbd2 Nge7 10. Kc1 Ng6 11. Bg3 f6 12. exf6 gxf6 13. Bb5 Bh6 14. Bxc6 bxc6 15. Rd1 Rhe8 16. Kc2 Re2 0-1

[Event "SLO-chT2 West"]
[Site "Ljubljana"]
[Date "2013.11.09"]
[Round "2.2"]
[White "Juranic, Bruno"]
[Black "Peteh, Uros"]
[Result "1-0"]
[WhiteElo "2178"]
[BlackElo "2023"]
[PlyCount "37"]
[EventDate "2013.11.08"]
[EventType "team"]
[EventRounds "9"]
[EventCountry "SLO"]
[SourceTitle "EXT 2015"]
[Source "ChessBase"]
[SourceDate "2014.11.20"]
[SourceVersion "1"]
[SourceVersionDate "2014.11.20"]
[SourceQuality "1"]
[WhiteTeam "Stari Trg ob Kolpi"]
[BlackTeam "Komenda Popotnik"]
[WhiteTeamCountry "SLO"]
[BlackTeamCountry "SLO"]

1. e4 c5 2. Nc3 Nc6 3. f4 d6 4. Bc4 Nf6 5. Nf3 e6 6. 0-0 Be7 7. d3 0-0 8. Bb3 Na5 9. Qe1 Rb8 10. e5 dxe5 11. fxe5 Ne8 12. Ne4 Nxb3 13. axb3 a6 14. Qg3 Qc7 15. Bf4 Bd7 16. Nf6+ Kh8 17. Qh4 Nxf6 18. exf6 Bd6 19. fxg7+ 1-0

[Event "SLO-chT2 West"]
[Site "Ljubljana"]
[Date "2013.11.08"]
[Round "1.2"]
[White "Juranic, Bruno"]
[Black "Kodela, Marko"]
[Result "1-0"]
[WhiteElo "2178"]
[BlackElo "1984"]
[PlyCount "73"]
[EventDate "2013.11.08"]
[EventType "team"]
[EventRounds "9"]
[EventCountry "SLO"]
[SourceTitle "EXT 2015"]
[Source "ChessBase"]
[SourceDate "2014.11.20"]
[SourceVersion "1"]
[SourceVersionDate "2014.11.20"]
[SourceQuality "1"]
[WhiteTeam "Stari Trg ob Kolpi"]
[BlackTeam "Lojz Kraigher"]
[WhiteTeamCountry "SLO"]
[BlackTeamCountry "SLO"]

1. e4 c5 2. Nc3 Nc6 3. f4 g6 4. Nf3 Bg7 5. Bc4 d6 6. 0-0 e6 7. d3 Nge7 8. Qe1 a6 9. Bb3 Nd4 10. Be3 Nec6 11. Nd1 Bd7 12. Kh1 Rc8 13. Qg3 Nxb3 14. axb3 Nd4 15. Qf2 Nxf3 16. Qxf3 Bc6 17. Qf2 Bd7 18. d4 b6 19. c4 a5 20. Nc3 0-0 21. Rad1 Qe7 22. Rfe1 Bc6 23. Re2 Rfd8 24. Rf1 Ra8 25. d5 Bd7 26. f5 exf5 27. exf5 Bxf5 28. Bxc5 Qd7 29. Bxb6 Rdb8 30. Rd2 Bh6 31. Rdd1 Ra6 32. Bd4 Rxb3 33. g4 Rxc3 34. gxf5 Rxc4 35. b3 Rc8 36. Qh4 Bf8 37. Qf6 1-0

[Event "CRO-chT2 West"]
[Site "Croatia"]
[Date "2013.10.20"]
[Round "9.33"]
[White "Juranic, Bruno"]
[Black "Tomic, Boris"]
[Result "1/2-1/2"]
[WhiteElo "2166"]
[BlackElo "2081"]
[PlyCount "27"]
[EventDate "2013.03.16"]
[EventType "team-tourn"]
[EventRounds "9"]
[EventCountry "CRO"]
[SourceTitle "EXT 2019"]
[Source "ChessBase"]
[SourceDate "2018.10.10"]
[SourceVersion "1"]
[SourceVersionDate "2018.10.10"]
[SourceQuality "1"]
[WhiteTeam "Ravna Gora Goranka"]
[BlackTeam "Mali Losinj"]
[WhiteTeamCountry "CRO"]
[BlackTeamCountry "CRO"]

1. e4 e6 2. Nc3 d5 3. Nf3 Nf6 4. e5 Nfd7 5. d4 c5 6. dxc5 Bxc5 7. Bd3 Nc6 8. Bf4 h6 9. h4 a6 10. Qd2 b5 11. Rh3 Nb6 12. Rg3 Bf8 13. b3 Bb7 14. Ne2 1/2-1/2

[Event "Opatija op-A"]
[Site "Opatija"]
[Date "2013.07.07"]
[Round "9"]
[White "Juranic, Bruno"]
[Black "Fradkin, Boris"]
[Result "1/2-1/2"]
[WhiteElo "2184"]
[BlackElo "2426"]
[PlyCount "41"]
[EventDate "2013.06.29"]
[EventType "swiss"]
[EventRounds "9"]
[EventCountry "CRO"]
[SourceTitle "CBM 155 Extra"]
[Source "ChessBase"]
[SourceDate "2013.08.26"]
[SourceVersion "1"]
[SourceVersionDate "2013.08.26"]
[SourceQuality "1"]

1. e4 d6 2. d4 Nf6 3. Nc3 g6 4. g3 Bg7 5. Bg2 0-0 6. Nge2 Na6 7. h3 c5 8. d5 Nc7 9. a4 Bd7 10. 0-0 b5 11. axb5 Nxb5 12. f4 Ne8 13. Nxb5 Bxb5 14. Re1 Nc7 15. Nc3 Bd7 16. e5 Nb5 17. Nxb5 Bxb5 18. Bd2 a5 19. Bc3 a4 20. Qd2 Qb6 21. g4 1/2-1/2

[Event "Opatija op-A"]
[Site "Opatija"]
[Date "2013.06.30"]
[Round "2"]
[White "Bonoo, Iwan"]
[Black "Juranic, Bruno"]
[Result "0-1"]
[WhiteElo "1955"]
[BlackElo "2184"]
[PlyCount "62"]
[EventDate "2013.06.29"]
[EventType "swiss"]
[EventRounds "9"]
[EventCountry "CRO"]
[SourceTitle "CBM 155 Extra"]
[Source "ChessBase"]
[SourceDate "2013.08.26"]
[SourceVersion "1"]
[SourceVersionDate "2013.08.26"]
[SourceQuality "1"]

1. d4 Nf6 2. Nf3 e6 3. c4 Bb4+ 4. Nc3 c5 5. e3 d5 6. Bd3 dxc4 7. Bxc4 Bxc3+ 8. bxc3 Qc7 9. Qe2 Nbd7 10. 0-0 0-0 11. e4 cxd4 12. cxd4 Nxe4 13. Ba3 Re8 14. Rac1 Qa5 15. Bb2 Nef6 16. Rfe1 Nb6 17. Bb3 Nbd5 18. Ne5 Bd7 19. Nc4 Qa6 20. Qe5 Rec8 21. Nd6 Rc6 22. Rxc6 Bxc6 23. Nxf7 Kxf7 24. Qxe6+ Kf8 25. a4 g6 26. Qd6+ Kg7 27. Re7+ Kh8 28. Qe5 Qd3 29. Bxd5 Qd1+ 30. Qe1 Qxe1+ 31. Rxe1 Nxd5 0-1

[Event "CRO-chT Cup 22nd"]
[Site "Bol"]
[Date "2013.05.23"]
[Round "2.111"]
[White "Goric, Esad"]
[Black "Juranic, Bruno"]
[Result "1/2-1/2"]
[WhiteElo "2349"]
[BlackElo "2184"]
[PlyCount "70"]
[EventDate "2013.05.22"]
[EventType "team"]
[EventRounds "6"]
[EventCountry "CRO"]
[SourceTitle "CBM 154 Extra"]
[Source "ChessBase"]
[SourceDate "2013.06.25"]
[SourceVersion "2"]
[SourceVersionDate "2013.06.25"]
[SourceQuality "1"]
[WhiteTeam "Vinkovci"]
[BlackTeam "Ravna Gora Goranka"]
[WhiteTeamCountry "CRO"]
[BlackTeamCountry "CRO"]

1. Nf3 d5 2. b3 Bg4 3. e3 e6 4. Be2 Nd7 5. 0-0 Ngf6 6. Bb2 Bd6 7. d4 0-0 8. c4 c6 9. Nc3 a5 10. Ne1 Bxe2 11. Qxe2 Qb8 12. h3 a4 13. bxa4 dxc4 14. Qxc4 Nb6 15. Qb3 Qa7 16. Ba3 Bxa3 17. Qxa3 Nfd5 18. Nd3 Nxc3 19. Qxc3 Nxa4 20. Qb3 b6 21. Rfc1 c5 22. Ne5 Rfc8 23. Rab1 cxd4 24. exd4 h6 25. Qf3 Qe7 26. Qb3 b5 27. Rc2 Rxc2 28. Qxc2 Qb7 29. Qb3 Rb8 30. Rc1 Qd5 31. Qxd5 exd5 32. Rc7 f6 33. Nc6 Re8 34. Ne7+ Kh8 35. Nxd5 Re4 1/2-1/2

[Event "CRO-chT Cup 22nd"]
[Site "Bol"]
[Date "2013.05.22"]
[Round "1.102"]
[White "Jukic, Zdenko"]
[Black "Juranic, Bruno"]
[Result "1-0"]
[WhiteElo "2300"]
[BlackElo "2184"]
[PlyCount "55"]
[EventDate "2013.05.22"]
[EventType "team"]
[EventRounds "6"]
[EventCountry "CRO"]
[SourceTitle "CBM 154 Extra"]
[Source "ChessBase"]
[SourceDate "2013.06.25"]
[SourceVersion "2"]
[SourceVersionDate "2013.06.25"]
[SourceQuality "1"]
[WhiteTeam "Vukovar"]
[BlackTeam "Ravna Gora Goranka"]
[WhiteTeamCountry "CRO"]
[BlackTeamCountry "CRO"]

1. e4 c5 2. Nf3 Nc6 3. d4 cxd4 4. c3 d5 5. exd5 Qxd5 6. cxd4 e5 7. Nc3 Bb4 8. Bd2 Bxc3 9. Bxc3 exd4 10. Nxd4 Nxd4 11. Qxd4 Qxd4 12. Bxd4 Nf6 13. Bc5 b6 14. Ba3 Be6 15. Ba6 Nd7 16. 0-0 Nc5 17. Bb5+ Ke7 18. b4 Nd7 19. Rad1 Rhd8 20. Bc6 Rac8 21. b5+ Nc5 22. Bxc5+ bxc5 23. a4 Rxd1 24. Rxd1 Rd8 25. Rc1 Bb3 26. a5 Rd1+ 27. Rxd1 Bxd1 28. b6 1-0